[Event "4NCL/Div3/WES2 vs. SSC"]
[Site "Wokefield Park ENG"]
[Date "2010.05.01"]
[Round "9.5"]
[White "Kemp, Paul M"]
[Black "Aggarwal, Kumarsambhav"]
[Result "1-0"]
[WhiteElo "2026"]
[BlackElo "1786"]
[PlyCount "84"]
[EventDate "2010.05.01"]
[SourceDate "2009.10.24"]

1. d4 d5 2. Nf3 Nf6 3. e3 e6 4. Bd3 Be7 5. O-O Nbd7 6. b3 O-O 7. Bb2 b6 8. Nbd2
Bb7 9. Ne5 c5 10. f4 Ne4 11. Nxd7 Qxd7 12. Nf3 Rfd8 13. Ne5 Qc7 14. Rc1 f6 15.
Nf3 Rac8 16. c4 Qd7 17. Qe2 Qe8 18. a3 a5 19. Nd2 Kh8 20. Nb1 Qf7 21. Nc3 cxd4
22. exd4 Nxc3 23. Rxc3 f5 24. Rcc1 Bf6 25. c5 bxc5 26. dxc5 Bc6 27. b4 Bxb2 28.
Qxb2 axb4 29. axb4 Qb7 30. b5 Rc7 31. Qe5 Be8 32. Qd4 Rb8 33. Rb1 Rcc8 34. g3
Qa7 35. Rfc1 Qa5 36. Ra1 Qc7 37. b6 Qc6 38. Ra7 Rb7 39. Bb5 Qxb5 40. Rxb7 Bd7
41. c6 Rxc6 42. Rb8+ Bc8 1-0

[Event "4NCL/Div3/WES2 vs. SSC"]
[Site "Wokefield Park ENG"]
[Date "2010.05.01"]
[Round "9.6"]
[White "Burch, Jonathan G"]
[Black "Coburn, Joseph A"]
[Result "1-0"]
[WhiteElo "1770"]
[BlackElo "1858"]
[PlyCount "97"]
[EventDate "2010.05.01"]
[SourceDate "2009.10.24"]

1. d4 Nf6 2. Nf3 g6 3. Bf4 Bg7 4. Nbd2 d6 5. e4 Nbd7 6. Bc4 c6 7. h3 d5 8. Bd3
Qa5 9. c3 dxe4 10. Nxe4 Nxe4 11. Bxe4 Nf6 12. Bd3 Bf5 13. Ne5 Bxd3 14. Qxd3 O-O
15. O-O Rad8 16. Qe2 e6 17. Rfe1 Rc8 18. Nc4 Qa6 19. Nd6 Qxe2 20. Rxe2 Rb8 21.
Nxf7 Kxf7 22. Bxb8 Rxb8 23. Rae1 Re8 24. g3 Nd5 25. f4 b5 26. a3 a5 27. Kg2 Nb6
28. g4 Nd5 29. Kf3 Re7 30. h4 Bh6 31. Re4 Bg7 32. R4e2 h6 33. Kg3 Bf8 34. Re4
Re8 35. f5 Bd6+ 36. Kf3 gxf5 37. gxf5 Nc7 38. fxe6+ Rxe6 39. Rxe6 Nxe6 40. Ke4
Bg3 41. Rf1+ Ke7 42. Kf5 Kd6 43. Kg4 Bh2 44. Rf6 Ke7 45. Rxh6 Bg1 46. Kf3 b4
47. Rh5 bxc3 48. bxc3 Nf8 49. Kg2 1-0

[Event "4NCL/Div3/3CS vs. E2E42"]
[Site "Wokefield Park ENG"]
[Date "2010.05.01"]
[Round "9.1"]
[White "Ashton, Adam G"]
[Black "Mansson, James C"]
[Result "1-0"]
[WhiteElo "2316"]
[BlackElo "2142"]
[PlyCount "109"]
[EventDate "2010.05.01"]
[SourceDate "2009.10.24"]

1. e4 c5 2. Nf3 d6 3. Bc4 Nf6 4. d3 Nc6 5. c3 e6 6. Bb3 Be7 7. O-O O-O 8. Re1
e5 9. Nbd2 Be6 10. Nf1 Bxb3 11. Qxb3 Qb6 12. Qxb6 axb6 13. Bg5 Nd7 14. Ne3 f6
15. Bh4 g6 16. Nd5 Bd8 17. a4 Ne7 18. Nxe7+ Bxe7 19. Nd2 Ra6 20. b3 Rfa8 21.
Rab1 Nf8 22. Nc4 Ne6 23. Na3 Rd8 24. Bg3 Raa8 25. Nc4 Ra6 26. Rbd1 Rd7 27. f3
Bd8 28. Bf2 Ra8 29. d4 cxd4 30. cxd4 exd4 31. Bxd4 Nxd4 32. Rxd4 Bc7 33. Red1
Rad8 34. Rd5 Kf8 35. Rb5 f5 36. Nxb6 Bxb6+ 37. Rxb6 fxe4 38. fxe4 Ke7 39. Rd5
Rc8 40. h4 Rc5 41. Rxc5 dxc5 42. Kf2 Kd8 43. Ke3 Kc7 44. Rf6 b6 45. g4 Kb7 46.
g5 Ka6 47. e5 Ka5 48. Rd6 Re7 49. Ke4 b5 50. axb5 Kxb5 51. Kd5 Kb4 52. Rb6+ Ka5
53. Rb8 Ka6 54. Kd6 Rf7 55. e6 1-0

[Event "4NCL/Div3/3CS vs. E2E42"]
[Site "Wokefield Park ENG"]
[Date "2010.05.01"]
[Round "9.2"]
[White "Compton, Alistair"]
[Black "Longson, Alexander"]
[Result "0-1"]
[WhiteElo "2061"]
[BlackElo "2249"]
[PlyCount "52"]
[EventDate "2010.05.01"]
[SourceDate "2009.10.24"]

1. e4 c5 2. Nf3 d6 3. d4 cxd4 4. Nxd4 Nf6 5. Nc3 a6 6. Be3 e5 7. Nb3 Be7 8. f3
O-O 9. Qd2 Be6 10. O-O-O a5 11. a4 Nc6 12. g4 Nb4 13. g5 Nh5 14. h4 Ng3 15. Rg1
Nxf1 16. Rgxf1 Qc7 17. Kb1 Qc4 18. f4 exf4 19. Rxf4 Nxc2 20. Nxa5 Na3+ 21. bxa3
Rxa5 22. Qb2 Rc8 23. Bd4 Bf8 24. Ka1 b5 25. Qb4 Qc7 26. Nxb5 Qc2 0-1

[Event "4NCL/Div3/3CS vs. E2E42"]
[Site "Wokefield Park ENG"]
[Date "2010.05.01"]
[Round "9.3"]
[White "Jaunooby, Ali Reza"]
[Black "Edwards, Ray B"]
[Result "1-0"]
[WhiteElo "2158"]
[BlackElo "2061"]
[PlyCount "115"]
[EventDate "2010.05.01"]
[SourceDate "2009.10.24"]

1. d4 d5 2. Nf3 e6 3. Bf4 Bd6 4. Bg3 Nf6 5. Nbd2 O-O 6. e3 c5 7. c3 Nc6 8. Bd3
b6 9. Ne5 Bb7 10. f4 Ne7 11. Qc2 c4 12. Be2 b5 13. Bf3 Nf5 14. Bf2 Be7 15. b3
Nd6 16. bxc4 bxc4 17. Rb1 Qc7 18. g4 Nfe4 19. g5 Nxd2 20. Kxd2 Bc6 21. h4 Rfb8
22. h5 Be8 23. g6 fxg6 24. hxg6 h6 25. e4 Rxb1 26. Rxb1 dxe4 27. Bg4 Rb8 28.
Bxe6+ Kf8 29. Bd5 Rxb1 30. Qxb1 Qa5 31. Bxc4 Nxc4+ 32. Nxc4 Qf5 33. Qb8 Qxg6
34. Ne5 Qf5 35. Be3 Qh3 36. Qxa7 Qg2+ 37. Kc1 Qf1+ 38. Kd2 Qg2+ 39. Ke1 Bh4+
40. Kd1 Qf1+ 41. Kc2 Qe2+ 42. Kb3 Qxe3 43. Qa8 Bf6 44. Ng6+ Kf7 45. f5 Bxd4 46.
Qd5+ Kf6 47. Qd8+ Kxf5 48. Ne7+ Kg4 49. Qc8+ Kf3 50. Nd5 Bf7 51. Qf5+ Ke2 52.
Qxf7 Qf3 53. Qe6 h5 54. Kb4 Bf6 55. a4 h4 56. a5 h3 57. Qxh3 Bxc3+ 58. Nxc3+
1-0

[Event "4NCL/Div3/3CS vs. E2E42"]
[Site "Wokefield Park ENG"]
[Date "2010.05.01"]
[Round "9.4"]
[White "Ireland, David J"]
[Black "James, Dale R"]
[Result "0-1"]
[WhiteElo "2010"]
[BlackElo "2171"]
[PlyCount "98"]
[EventDate "2010.05.01"]
[SourceDate "2009.10.24"]

1. d4 Nf6 2. c4 g6 3. Nc3 d5 4. cxd5 Nxd5 5. e4 Nxc3 6. bxc3 c5 7. Be3 Bg7 8.
Bc4 O-O 9. Ne2 Nc6 10. O-O cxd4 11. cxd4 e5 12. d5 Na5 13. Bd3 b6 14. Rc1 Bd7
15. Qd2 Nb7 16. Rc3 f5 17. f3 f4 18. Bf2 Rf7 19. Ba6 Nd6 20. Bd3 g5 21. Kh1 h5
22. Rg1 g4 23. Rb3 Qf6 24. Nc3 Bh6 25. Qe1 Kh8 26. Bb5 Rc8 27. Bxd7 Rxd7 28.
Bh4 Bg5 29. Bxg5 Qxg5 30. Nb5 Nxb5 31. Rxb5 g3 32. h3 Qe7 33. Qa1 Qd6 34. Rbb1
Rdc7 35. Rgc1 Kg7 36. Rxc7+ Rxc7 37. Rc1 Kf6 38. Kg1 Rc5 39. Kf1 Qc7 40. Rxc5
Qxc5 41. Qb2 b5 42. Qe2 a5 43. Ke1 a4 44. Kd1 a3 45. h4 Qg1+ 46. Kc2 Qf2 47.
Kd1 Qxe2+ 48. Kxe2 b4 49. Kd1 b3 0-1

[Event "4NCL/Div3/3CS vs. E2E42"]
[Site "Wokefield Park ENG"]
[Date "2010.05.01"]
[Round "9.5"]
[White "Burke, Mitchell R"]
[Black "Jones, Christopher M"]
[Result "1/2-1/2"]
[WhiteElo "1892"]
[BlackElo "1964"]
[PlyCount "37"]
[EventDate "2010.05.01"]
[SourceDate "2009.10.24"]

1. e4 e5 2. Nf3 Nc6 3. d4 exd4 4. Bc4 Nf6 5. Ng5 d5 6. exd5 Na5 7. Qxd4 Nxc4 8.
Qxc4 h6 9. Ne4 Nxd5 10. O-O Be7 11. Rd1 c6 12. Nbc3 Be6 13. Qe2 Qc7 14. Nxd5
Bxd5 15. Bd2 O-O-O 16. Ng3 Be6 17. Be3 Rxd1+ 18. Rxd1 Rd8 19. Rxd8+ 1/2-1/2

[Event "4NCL/Div3/3CS vs. E2E42"]
[Site "Wokefield Park ENG"]
[Date "2010.05.01"]
[Round "9.6"]
[White "Gibson, Christopher A"]
[Black "Ashton, David A"]
[Result "0-1"]
[WhiteElo "1973"]
[BlackElo "1610"]
[PlyCount "44"]
[EventDate "2010.05.01"]
[SourceDate "2009.10.24"]

1. d4 d6 2. c4 e5 3. Nf3 Nc6 4. d5 Nce7 5. Nc3 g6 6. e4 Bg7 7. Bd3 f5 8. O-O
Nf6 9. c5 O-O 10. cxd6 cxd6 11. Qb3 h6 12. exf5 gxf5 13. Nxe5 dxe5 14. d6+ Kh8
15. dxe7 Qxe7 16. Bc4 f4 17. Bd2 Ng4 18. h3 f3 19. Ne4 Qh4 20. hxg4 Bxg4 21.
Ng3 fxg2 22. Rfe1 Bf3 0-1

[Event "4NCL/Div3/OXF2 vs. FPONTY"]
[Site "Wokefield Park ENG"]
[Date "2010.05.01"]
[Round "9.1"]
[White "Burt, William"]
[Black "Gilbert, Jonathan A"]
[Result "0-1"]
[WhiteElo "2162"]
[BlackElo "2058"]
[PlyCount "80"]
[EventDate "2010.05.01"]
[SourceDate "2009.10.24"]

1. e4 c6 2. d4 d5 3. Nc3 dxe4 4. Nxe4 Nd7 5. Bd3 Ngf6 6. Ng5 e6 7. Qe2 Bd6 8.
N1h3 Qe7 9. O-O h6 10. Nf3 a6 11. a4 c5 12. Re1 b6 13. Ne5 Bb7 14. Nf4 Bxe5 15.
dxe5 Nd5 16. Qg4 Nxf4 17. Bxf4 g6 18. Rad1 Rd8 19. Bc4 Nb8 20. Rd6 g5 21. Qh5
Bc8 22. Red1 Rxd6 23. exd6 Qf6 24. Bd2 Qxb2 25. Qf3 Qxc2 26. Be2 Nd7 27. Bxa6
O-O 28. Bb5 Ne5 29. Qe2 Bd7 30. Bxd7 Nxd7 31. h4 Ra8 32. hxg5 hxg5 33. Qf3 Rxa4
34. Bxg5 Qe4 35. Qc3 Qg4 36. Qc2 Rc4 37. Qb1 Qxg5 38. Qb5 Rc1 39. Rxc1 Qxc1+
40. Kh2 Qf4+ 0-1

[Event "4NCL/Div3/OXF2 vs. FPONTY"]
[Site "Wokefield Park ENG"]
[Date "2010.05.01"]
[Round "9.2"]
[White "Sully, David J"]
[Black "Scott, David A"]
[Result "1/2-1/2"]
[WhiteElo "2119"]
[BlackElo "2058"]
[PlyCount "43"]
[EventDate "2010.05.01"]
[SourceDate "2009.10.24"]

1. e4 c5 2. Nf3 Nc6 3. Bb5 d6 4. O-O Bd7 5. Re1 Nf6 6. h3 a6 7. Bf1 Ne5 8. Nxe5
dxe5 9. d3 Qc7 10. a4 Bc6 11. b3 Rd8 12. Qf3 e6 13. Bb2 Bd6 14. a5 O-O 15. Nd2
Nd7 16. Qh5 g6 17. Qh6 Rfe8 18. Nc4 Bf8 19. Qh4 Bg7 20. Qg3 f5 21. f3 Bb5 22.
Bc3 1/2-1/2

[Event "4NCL/Div3/OXF2 vs. FPONTY"]
[Site "Wokefield Park ENG"]
[Date "2010.05.01"]
[Round "9.3"]
[White "Rawlinson, Christopher JA"]
[Black "Adams, Mark A"]
[Result "0-1"]
[WhiteElo "2048"]
[BlackElo "2026"]
[PlyCount "46"]
[EventDate "2010.05.01"]
[SourceDate "2009.10.24"]

1. e4 c5 2. Nc3 a6 3. g3 b5 4. Bg2 Bb7 5. d3 e6 6. f4 d5 7. e5 h5 8. Nf3 Nh6 9.
O-O Nc6 10. Ng5 Nf5 11. Bh3 g6 12. Qe1 Ncd4 13. Rf2 c4 14. dxc4 Bc5 15. Kh1
bxc4 16. Na4 Ba7 17. Bg2 h4 18. gxh4 Nxh4 19. Be3 Nxg2 20. Rxg2 Nxc2 21. Rxc2
Bxe3 22. Ne4 d4 23. Nac5 Bxe4+ 0-1

[Event "4NCL/Div3/OXF2 vs. FPONTY"]
[Site "Wokefield Park ENG"]
[Date "2010.05.01"]
[Round "9.4"]
[White "Robinson, David"]
[Black "Ludbrook, Matthew"]
[Result "1/2-1/2"]
[WhiteElo "1967"]
[BlackElo "2011"]
[PlyCount "43"]
[EventDate "2010.05.01"]
[SourceDate "2009.10.24"]

1. d4 Nf6 2. Nf3 g6 3. Bf4 Bg7 4. e3 O-O 5. Be2 d6 6. h3 c6 7. O-O Nbd7 8. c4
Ne4 9. Nc3 Nxc3 10. bxc3 e5 11. Bh2 Qe7 12. Re1 e4 13. Nd2 f5 14. Qc2 Nf6 15.
c5 dxc5 16. Nc4 Rd8 17. Rab1 Nd5 18. Na5 Nb6 19. Nb3 Nd7 20. Na5 Nb6 21. Nb3
Nd7 22. Na5 1/2-1/2

[Event "4NCL/Div3/OXF2 vs. FPONTY"]
[Site "Wokefield Park ENG"]
[Date "2010.05.01"]
[Round "9.5"]
[White "Hadi, Justin"]
[Black "Davis, Lee"]
[Result "0-1"]
[WhiteElo "1970"]
[BlackElo "1961"]
[PlyCount "136"]
[EventDate "2010.05.01"]
[SourceDate "2009.10.24"]

1. e4 d6 2. d4 g6 3. Nc3 Bg7 4. Bg5 c6 5. Qd2 b5 6. f3 a6 7. Nge2 Nd7 8. Ng3
Qb6 9. Be3 Qc7 10. h4 h5 11. f4 Nb6 12. Qf2 Nf6 13. Be2 Ng4 14. Bxg4 Bxg4 15.
f5 Nc4 16. Bc1 b4 17. Nce2 c5 18. O-O O-O 19. c3 cxd4 20. cxd4 Qb6 21. b3 Na3
22. Bxa3 bxa3 23. Rac1 Qb7 24. Nc3 Rac8 25. Nd5 Qa7 26. Nxe7+ Qxe7 27. Rxc8
Rxc8 28. f6 Bxf6 29. Qxf6 Qxf6 30. Rxf6 Rc3 31. Nf1 Rc1 32. Rxd6 Kg7 33. e5 Be2
34. Rf6 Rd1 35. Rf2 Bxf1 36. Rxf1 Rxd4 37. g3 Re4 38. Rf6 a5 39. Ra6 Rxe5 40.
Kf2 g5 41. hxg5 Rxg5 42. Kf3 f6 43. Kf4 Kg6 44. Kf3 Rf5+ 45. Kg2 Kg5 46. Ra8
Kg4 47. Rc8 Rd5 48. Rc4+ Kg5 49. Ra4 Rd2+ 50. Kh3 Rxa2 51. Rxa5+ Kg6 52. Ra6
Ra1 53. b4 a2 54. Kg2 Kf5 55. Ra5+ Ke4 56. b5 Kd5 57. b6+ Kc6 58. b7 Kxb7 59.
Ra3 Kc6 60. Ra8 Kd5 61. Ra3 Ke4 62. Ra4+ Kf5 63. Kh2 Kg5 64. Kg2 f5 65. Kh2 h4
66. gxh4+ Kh5 67. Kg2 f4 68. Rxf4 Rb1 0-1

[Event "4NCL/Div3/OXF2 vs. FPONTY"]
[Site "Wokefield Park ENG"]
[Date "2010.05.01"]
[Round "9.6"]
[White "Gilbert, Colin"]
[Black "Neatherway, A Philip"]
[Result "1/2-1/2"]
[WhiteElo "1867"]
[BlackElo "1922"]
[PlyCount "45"]
[EventDate "2010.05.01"]
[SourceDate "2009.10.24"]

1. d4 d5 2. Nf3 Nf6 3. c4 dxc4 4. Nc3 c6 5. a4 Bf5 6. e3 e6 7. Bxc4 Bb4 8. Bd2
Nbd7 9. Nh4 Bg4 10. Be2 Bxe2 11. Qxe2 O-O 12. Nf3 Qe7 13. O-O Rfe8 14. Ne5 Nxe5
15. dxe5 Bxc3 16. Bxc3 Ne4 17. Qc2 Nxc3 18. Qxc3 Red8 19. Rad1 Rxd1 20. Rxd1
Rd8 21. Rd4 h6 22. Qd2 Rxd4 23. exd4 1/2-1/2

[Event "4NCL/Div3/GLOSG vs. ICENI"]
[Site "Wokefield Park ENG"]
[Date "2010.05.01"]
[Round "9.1"]
[White "Hosken, Nigel K"]
[Black "Crombleholme, Alan K"]
[Result "1/2-1/2"]
[WhiteElo "2109"]
[BlackElo "2106"]
[PlyCount "53"]
[EventDate "2010.05.01"]
[SourceDate "2009.10.24"]

1. d4 Nf6 2. c4 d6 3. Nc3 e5 4. d5 Be7 5. e4 Nbd7 6. Nf3 O-O 7. Be2 c6 8. O-O
a6 9. h3 cxd5 10. cxd5 b5 11. Be3 b4 12. Na4 Nxe4 13. Nd2 Nxd2 14. Qxd2 a5 15.
a3 Nc5 16. Nxc5 dxc5 17. Rfc1 Bb7 18. Bxc5 Bg5 19. Be3 Bxe3 20. fxe3 Qxd5 21.
Qxd5 Bxd5 22. Rc5 Rfd8 23. axb4 axb4 24. Rxa8 Bxa8 25. Rb5 g6 26. Kf2 Kg7 27.
Rxb4 1/2-1/2

[Event "4NCL/Div3/GLOSG vs. ICENI"]
[Site "Wokefield Park ENG"]
[Date "2010.05.01"]
[Round "9.2"]
[White "Feavyour, John A"]
[Black "Lambourne, Daniel M"]
[Result "1/2-1/2"]
[WhiteElo "2076"]
[BlackElo "2001"]
[PlyCount "190"]
[EventDate "2010.05.01"]
[SourceDate "2009.10.24"]

1. d4 d5 2. c4 e6 3. Nc3 Nf6 4. Bg5 Be7 5. e3 c6 6. Nf3 Nbd7 7. Rc1 Qa5 8. cxd5
exd5 9. Bd3 Bb4 10. O-O Bd6 11. Re1 O-O 12. Qc2 h6 13. Bh4 a6 14. a3 Qc7 15.
Bg3 Nb6 16. Ne5 Be6 17. Qe2 Rae8 18. b4 Nfd7 19. Nxd7 Qxd7 20. Bxd6 Qxd6 21.
Nb1 f5 22. Qh5 Bc8 23. Nd2 Qf6 24. Nf3 Kh7 25. Ne5 g6 26. Qe2 Kg7 27. Bxa6 Re6
28. Bd3 Qg5 29. f4 Qe7 30. Qc2 Nd7 31. Qc3 Nb6 32. Qc5 Nd7 33. Qc3 Nf6 34. Qc5
Qe8 35. b5 Nd7 36. Qc3 Nxe5 37. dxe5 Bd7 38. b6 Qa8 39. Qb4 Rc8 40. Rc5 Qb8 41.
a4 Rd8 42. a5 Bc8 43. Rec1 Qa8 44. Qd4 Rd7 45. Ra1 Qb8 46. Rc3 Rf7 47. Rca3 h5
48. a6 bxa6 49. Bxa6 c5 50. Qxc5 Rxb6 51. Bd3 Be6 52. Ra6 Rxa6 53. Rxa6 Rc7 54.
Qa3 Qc8 55. Ra8 Rc1+ 56. Kf2 Qc5 57. Qa6 Qc6 58. Qa7+ Qc7 59. Qd4 Qe7 60. Ra7
Rc7 61. Rxc7 Qxc7 62. Qb4 Kf7 63. Ke2 Qa7 64. Qd6 Qa2+ 65. Kf1 Qa1+ 66. Kf2
Qb2+ 67. Be2 Qb7 68. g3 Qc8 69. Qa6 Qb8 70. Bb5 Ke7 71. Qc6 Kf7 72. Ke2 Qd8 73.
Qb7+ Kg8 74. Bc6 d4 75. Qa8 Bc4+ 76. Kd2 Qxa8 77. Bxa8 dxe3+ 78. Kxe3 Kf8 79.
Kd4 Bf7 80. Bd5 Be8 81. Kc5 Ke7 82. Bc6 Bf7 83. Bd5 Be8 84. Bf3 Bf7 85. h3 Be6
86. Bd5 Bd7 87. Kd4 Bc8 88. Bf3 Bd7 89. Be2 Be6 90. Bc4 Bc8 91. Kd5 Bb7+ 92.
Kc5 Bc8 93. Kc6 Bd7+ 94. Kc7 Ba4 95. e6 Bd1 1/2-1/2

[Event "4NCL/Div3/GLOSG vs. ICENI"]
[Site "Wokefield Park ENG"]
[Date "2010.05.01"]
[Round "9.3"]
[White "Waterfield, John W"]
[Black "Ruthen, Stephen W"]
[Result "1-0"]
[WhiteElo "1988"]
[BlackElo "2093"]
[PlyCount "66"]
[EventDate "2010.05.01"]
[SourceDate "2009.10.24"]

1. e4 e5 2. Nf3 Nc6 3. Nc3 g6 4. d4 exd4 5. Nxd4 Bg7 6. Nxc6 bxc6 7. Bc4 Qh4 8.
Qf3 Qf6 9. Bf4 Rb8 10. O-O-O Bh6 11. Bxh6 Qxf3 12. gxf3 Nxh6 13. h4 d6 14. Rdg1
Be6 15. Bb3 Ke7 16. h5 gxh5 17. Rxh5 Ng8 18. e5 d5 19. Rgh1 h6 20. Ne2 c5 21.
c3 c4 22. Nd4 Rb5 23. Bc2 c5 24. Ne2 f6 25. Nf4 Bf7 26. Bg6 fxe5 27. Rxe5+ Kd6
28. Bxf7 Kxe5 29. Ng6+ Kf6 30. Nxh8 Kg7 31. Bxd5 Kxh8 32. Bxc4 Rb6 33. Rh5 Rc6
{scoresheets illegible} 1-0

[Event "4NCL/Div3/GLOSG vs. ICENI"]
[Site "Wokefield Park ENG"]
[Date "2010.05.01"]
[Round "9.4"]
[White "Savage, Nicholas W"]
[Black "Taylor, Geoffrey P"]
[Result "1-0"]
[WhiteElo "1996"]
[BlackElo "1962"]
[PlyCount "81"]
[EventDate "2010.05.01"]
[SourceDate "2009.10.24"]

1. d4 d5 2. c4 e6 3. Nc3 Nf6 4. cxd5 exd5 5. Bg5 Be7 6. Qc2 O-O 7. e3 Nbd7 8.
Bd3 Re8 9. Nge2 Nf8 10. O-O Be6 11. f3 Rc8 12. Qa4 a6 13. Kh1 N6d7 14. Bf4 c5
15. Rad1 c4 16. Bb1 Rc6 17. e4 b5 18. Qc2 Nb6 19. a3 Qd7 20. Be3 g6 21. Ng3 h5
22. Qd2 Nh7 23. Nge2 b4 24. axb4 Bxb4 25. Nf4 Nf6 26. Qc2 Qe7 27. Rfe1 dxe4 28.
fxe4 Bg4 29. e5 Bxd1 30. Qxd1 Ng4 31. d5 Bxc3 32. bxc3 Qh4 33. Nh3 Nxd5 34. Bg5
Nf2+ 35. Nxf2 Qxf2 36. Rf1 Qc5 37. Be4 Nxc3 38. Qf3 Nxe4 39. Qxf7+ Kh8 40.
Qxe8+ Kh7 41. Rf7# 1-0

[Event "4NCL/Div3/GLOSG vs. ICENI"]
[Site "Wokefield Park ENG"]
[Date "2010.05.01"]
[Round "9.5"]
[White "Meade, Philip J"]
[Black "Downham, Alan F"]
[Result "1/2-1/2"]
[WhiteElo "1960"]
[BlackElo "2028"]
[PlyCount "44"]
[EventDate "2010.05.01"]
[SourceDate "2009.10.24"]

1. e4 c5 2. Nf3 Nc6 3. Bb5 g6 4. O-O Bg7 5. Re1 e5 6. Bxc6 dxc6 7. d3 Qe7 8.
Nbd2 Be6 9. b3 Nh6 10. Bb2 f6 11. a4 O-O 12. Nc4 b6 13. Qe2 Rfd8 14. h3 Nf7 15.
c3 Rac8 16. d4 cxd4 17. cxd4 exd4 18. Nxd4 Bxc4 19. Qxc4 Rd6 20. Rac1 Kh8 21.
Nf3 Re6 22. Nd4 Rd6 1/2-1/2

[Event "4NCL/Div3/GLOSG vs. ICENI"]
[Site "Wokefield Park ENG"]
[Date "2010.05.01"]
[Round "9.6"]
[White "Szymanski, Mark"]
[Black "Blencowe, Ian P"]
[Result "1/2-1/2"]
[WhiteElo "1890"]
[BlackElo "1674"]
[PlyCount "48"]
[EventDate "2010.05.01"]
[SourceDate "2009.10.24"]

1. d4 e6 2. Nf3 d5 3. e3 c5 4. b3 Nc6 5. Bd3 Bd7 6. O-O Rc8 7. a3 Be7 8. Bb2
Bf6 9. Nbd2 cxd4 10. exd4 a6 11. c4 Be7 12. Ne5 Nxe5 13. dxe5 dxc4 14. Nxc4 Bc6
15. Qe2 Nh6 16. Rad1 Qd5 17. f4 Bc5+ 18. Kh1 b5 19. Nd6+ Bxd6 20. exd6 Kd7 21.
Bc2 Qxg2+ 22. Qxg2 Bxg2+ 23. Kxg2 Rxc2+ 24. Rf2 Rxf2+ 1/2-1/2

[Event "4NCL/Div3/NOTT1 vs. BCA"]
[Site "Wokefield Park ENG"]
[Date "2010.05.01"]
[Round "9.1"]
[White "Richmond, Robert J"]
[Black "Crouch, Colin S"]
[Result "1/2-1/2"]
[WhiteElo "2200"]
[BlackElo "2342"]
[PlyCount "102"]
[EventDate "2010.05.01"]
[SourceDate "2009.10.24"]

1. d4 Nf6 2. c4 e6 3. Nf3 Bb4+ 4. Nbd2 O-O 5. g3 b6 6. Bg2 Bb7 7. O-O c5 8. a3
Bxd2 9. Qxd2 cxd4 10. Nxd4 Bxg2 11. Kxg2 Qc8 12. b3 Na6 13. Bb2 Nc5 14. b4 Na4
15. Rac1 Qb7+ 16. Kg1 Ne4 17. Qc2 Nxb2 18. Qxb2 Rac8 19. Rfd1 f5 20. f3 Ng5 21.
Nb5 Nf7 22. Qd4 Rfd8 23. Nd6 Nxd6 24. Qxd6 Kf7 25. c5 Rc6 26. Qe5 bxc5 27. bxc5
Qa6 28. g4 fxg4 29. fxg4 Qxa3 30. Rc3 Qb4 31. Rcd3 Kg8 32. Rxd7 Rxd7 33. Rxd7
Qxg4+ 34. Kh1 h6 35. Rd6 Rxd6 36. cxd6 Kf7 37. e4 Qf3+ 38. Kg1 Qe3+ 39. Kf1
Qd3+ 40. Ke1 a6 41. Qf4+ Ke8 42. e5 Qb5 43. Qd4 Qd5 44. Qa4+ Kd8 45. Qf4 Ke8
46. Qa4+ Kf8 47. Qd7 Qxe5+ 48. Kd2 Qd5+ 49. Ke1 Qh1+ 50. Kf2 Qxh2+ 51. Ke1 Qh1+
1/2-1/2

[Event "4NCL/Div3/NOTT1 vs. BCA"]
[Site "Wokefield Park ENG"]
[Date "2010.05.01"]
[Round "9.2"]
[White "Ross, Chris N"]
[Black "Walker, Andrew N"]
[Result "1-0"]
[WhiteElo "2205"]
[BlackElo "2087"]
[PlyCount "77"]
[EventDate "2010.05.01"]
[SourceDate "2009.10.24"]

1. e4 e5 2. Nf3 Nc6 3. Bb5 Nf6 4. O-O Bc5 5. c3 O-O 6. d4 Bb6 7. Bg5 h6 8. Bh4
d6 9. a4 a5 10. dxe5 Nxe5 11. Nxe5 dxe5 12. Nd2 Qe7 13. Qc2 g5 14. Bg3 Nh5 15.
Bc4 Bg4 16. Rfe1 Rad8 17. Nf1 Rd6 18. h3 Be6 19. Bxe6 Qxe6 20. Qe2 Nf4 21. Bxf4
exf4 22. Rad1 Rfd8 23. Rxd6 Qxd6 24. e5 Qd3 25. Qg4 Re8 26. h4 Qg6 27. hxg5
Qxg5 28. Qe2 Re6 29. Nd2 Rg6 30. Qf3 Qg3 31. Re4 Rg4 32. Qxg3 Rxg3 33. Rxf4 Rd3
34. Ne4 Rd1+ 35. Kh2 Rb1 36. Nf6+ Kg7 37. Rg4+ Kf8 38. Rg8+ Ke7 39. Re8# 1-0

[Event "4NCL/Div3/NOTT1 vs. BCA"]
[Site "Wokefield Park ENG"]
[Date "2010.05.01"]
[Round "9.3"]
[White "Coates, David H"]
[Black "Mordue, A Tyson"]
[Result "1/2-1/2"]
[WhiteElo "2043"]
[BlackElo "2273"]
[PlyCount "79"]
[EventDate "2010.05.01"]
[SourceDate "2009.10.24"]

1. e4 c5 2. Nf3 d6 3. d4 cxd4 4. Nxd4 Nf6 5. Nc3 e6 6. g4 h6 7. h4 Nc6 8. Rg1
h5 9. gxh5 Nxh5 10. Bg5 Nf6 11. Qd2 a6 12. O-O-O Qc7 13. Be2 Bd7 14. Kb1 O-O-O
15. f4 Be7 16. Nb3 Kb8 17. Bf3 Bc8 18. Qe2 Ka8 19. Rd2 Ne8 20. Bxe7 Qxe7 21. h5
Nc7 22. Qe3 d5 23. exd5 exd5 24. Qxe7 Nxe7 25. Rxg7 Rdf8 26. Rg1 Ne6 27. Re1
Rfg8 28. Nxd5 Nxd5 29. Rxd5 Nxf4 30. Rde5 Rg3 31. Nd4 Rd8 32. R5e4 Rxd4 33.
Rxd4 Rxf3 34. b3 Nxh5 35. Rd8 Rc3 36. Rf1 Rc7 37. Rf8 f6 38. Rf5 Ng3 39. R5xf6
Ne4 40. Rf4 1/2-1/2

[Event "4NCL/Div3/NOTT1 vs. BCA"]
[Site "Wokefield Park ENG"]
[Date "2010.05.01"]
[Round "9.4"]
[White "Hilton, Steve H"]
[Black "Levens, David G"]
[Result "1/2-1/2"]
[WhiteElo "1891"]
[BlackElo "1986"]
[PlyCount "115"]
[EventDate "2010.05.01"]
[SourceDate "2009.10.24"]

1. d4 d5 2. Nf3 Nf6 3. e3 g6 4. c4 c6 5. Bd3 Bg7 6. O-O O-O 7. b4 dxc4 8. Bxc4
Nbd7 9. Nc3 Nb6 10. Bd3 Nbd5 11. Nxd5 Qxd5 12. Qc2 Bf5 13. Bxf5 Qxf5 14. Qxf5
gxf5 15. Bb2 e6 16. Ne5 Rfd8 17. Rac1 Nd5 18. a3 Bf8 19. Nc4 f6 20. Rfd1 Rd7
21. Kf1 Bh6 22. Re1 Rad8 23. Rcd1 Nc7 24. Na5 Ne8 25. Nb3 Bg7 26. Nc5 Re7 27.
Ke2 Nd6 28. Rc1 Bh6 29. d5 e5 30. dxc6 bxc6 31. Red1 f4 32. Ne4 Re6 33. Rxc6
Bf8 34. Nc5 Ree8 35. Rc7 fxe3 36. fxe3 Nc4 37. Rxd8 Rxd8 38. Bc1 Bd6 39. Rxa7
Bxc5 40. bxc5 Rc8 41. Ra6 Kf7 42. c6 e4 43. Bd2 Ne5 44. Ra7+ Ke6 45. c7 Nc6 46.
Rb7 Kd7 47. Bc3 f5 48. Bb4 Rg8 49. g3 Ra8 50. c8=Q+ Kxc8 51. Rxh7 Ra4 52. Bd6
Rc4 53. Rc7+ Kd8 54. Kd2 Na5 55. Ra7 Nb3+ 56. Ke1 Rc1+ 57. Ke2 Rc2+ 58. Ke1
1/2-1/2

[Event "4NCL/Div3/NOTT1 vs. BCA"]
[Site "Wokefield Park ENG"]
[Date "2010.05.01"]
[Round "9.5"]
[White "Truman, Richard G"]
[Black "Ross, David J"]
[Result "1-0"]
[WhiteElo "2015"]
[BlackElo "1802"]
[PlyCount "65"]
[EventDate "2010.05.01"]
[SourceDate "2009.10.24"]

1. e4 e6 2. d4 d5 3. Nd2 Nf6 4. e5 Nfd7 5. Bd3 c5 6. c3 Nc6 7. Ne2 Qb6 8. Nf3
cxd4 9. cxd4 f6 10. exf6 Nxf6 11. O-O Bd6 12. Bf4 Qc7 13. Bxd6 Qxd6 14. Nc3 a6
15. Re1 O-O 16. Ne5 Qb4 17. a3 Qe7 18. Bc2 Nxe5 19. Rxe5 Bd7 20. Qe2 Qf7 21. h3
Rac8 22. Bb3 Kh8 23. Re1 Rfe8 24. Na4 Rc6 25. Nc5 Bc8 26. Bxd5 Nxd5 27. Rxd5 h6
28. Re5 Rd8 29. Qe3 Rcd6 30. Re4 b6 31. Nd3 Qf6 32. Rf4 Qg5 33. Ne5 1-0

[Event "4NCL/Div3/NOTT1 vs. BCA"]
[Site "Wokefield Park ENG"]
[Date "2010.05.01"]
[Round "9.6"]
[White "Irving, Alastair"]
[Black "Kingston, Ian"]
[Result "0-1"]
[WhiteElo "1498"]
[BlackElo "1999"]
[PlyCount "112"]
[EventDate "2010.05.01"]
[SourceDate "2009.10.24"]

1. e4 e5 2. Nf3 Nc6 3. Bb5 g6 4. O-O Bg7 5. c3 Nge7 6. d4 exd4 7. cxd4 d5 8.
exd5 Nxd5 9. Re1+ Be6 10. Bxc6+ bxc6 11. Ne5 Qd6 12. Nc3 O-O 13. Ne4 Qb4 14.
Nxc6 Qb6 15. Ne5 Rad8 16. Nf3 Ne7 17. Nc5 Nf5 18. Nxe6 fxe6 19. Qe2 Nxd4 20.
Nxd4 Bxd4 21. Be3 Bxe3 22. Qxe3 Qxe3 23. Rxe3 Rd2 24. f3 Rfd8 25. Rxe6 Rxb2 26.
Rae1 Rdd2 27. Re8+ Kg7 28. R8e7+ Kh6 29. Rxc7 Rxg2+ 30. Kh1 Rxh2+ 31. Kg1 Rxa2
32. Ree7 Rhg2+ 33. Kh1 Rgd2 34. Rxh7+ Kg5 35. Rc1 Rd6 36. Rh2 Rxh2+ 37. Kxh2
Kf4 38. Rc3 a5 39. Ra3 Ra6 40. Kg2 Ke5 41. Ra4 Kd5 42. f4 Kc5 43. Kf3 Kb5 44.
Ra1 a4 45. Ke3 Kb4 46. Kd2 a3 47. Rb1+ Kc4 48. Kc2 a2 49. Ra1 Kd4 50. Kb2 Ke4
51. Rxa2 Rxa2+ 52. Kxa2 Kxf4 53. Kb2 Kf3 54. Kc2 g5 55. Kd3 g4 56. Kc2 g3 0-1